Introdutory economics / (Record no. 138654)

MARC details
000 -LEADER
fixed length control field 00588nam a22002057a 4500
005 - DATE AND TIME OF LATEST TRANSACTION
control field 20170405102719.0
010 ## - LCCN (DPL NO)
LC control number ENG-117703
020 ## - INTERNATIONAL STANDARD BOOK NUMBER
International Standard Book Number 9788175967175
Terms of availability 495.00
035 ## - SYSTEM CONTROL NUMBER
System control number EN-101235
037 ## - SOURCE OF ACQUISITION
Source of stock number/acquisition DBAD/PUB
082 ## - DEWEY DECIMAL CLASSIFICATION NUMBER
Classification number 330
100 ## - MAIN ENTRY--PERSONAL NAME
Personal name Hoag,Arleen J.
245 ## - TITLE STATEMENT
Title Introdutory economics /
Statement of responsibility, etc by Arleen J. Hoag [and] John J. Hoag
250 ## - EDITION STATEMENT
Edition statement 4th ed.
260 ## - PUBLICATION, DISTRIBUTION, ETC. (IMPRINT)
Place of publication, distribution, etc New Delhi
Name of publisher, distributor, etc Cambridge House
Date of publication, distribution, etc 2012
270 ## - ADDRESS
Address 4381/4 Ansari Road Daryaganj
City New Delhi
Postal code 110002
300 v# - PHYSICAL DESCRIPTION
Extent 505p.
Dimensions 24cm(pbk)
500 ## - GENERAL NOTE
General note Includes index
942 ## - ADDED ENTRY ELEMENTS (KOHA)
Source of classification or shelving scheme Dewey Decimal Classification
Item type English Books
Classification part 330
Call number suffix HOA
Holdings
Withdrawn status Lost status Not for loan Collection code Home library Current library Date acquired Source of acquisition Cost, normal purchase price Full call number Barcode Copy number Cost, replacement price Koha item type
    Not For Loan Non-fiction D.B.Act.Division D.B.Act.Division 03/04/2017 DBAD/PUB 495.00 330 HOA EN-101235 1 495.00 English Books

© Delhi Public Library
Hit Counter
free hit counter